000 00567nam a2200217Ia 4500
003 OSt
005 20220926035152.0
006 a|||||r|||| 00| 0
007 ta
008 220923b |||||||| |||| 00| 0 eng d
037 _cGeneral Book
040 _aRTL
_cRTL
_beng
041 _2eng
_aeng
082 _aX:54, J6 D&W
100 _aWalton L. E.
_9341967
245 0 _aForeign trade and foreign exchange
_b The theory and
260 _c1956
650 _aExport
942 _hX:54, J6 D&W
_cGB
_2CC
999 _c661540
_d661540